[Event "Campeonato del Mundo sub-20 2010"]
[Site "Chotowa POL"]
[Date "2010.08.09"]
[Round "6.15"]
[White "Ponizil, Cyril"]
[Black "Nyzhnyk, Illya"]
[Result "1-0"]
[WhiteElo "2406"]
[BlackElo "2543"]
[PlyCount "183"]
[EventDate "2010.08.03"]
[EventType "swiss"]
[EventRounds "13"]
[EventCountry "POL"]
[Source "lmi"]
[SourceDate "2010.08.03"]

1. e4 c5 2. Nf3 d6 3. d4 cxd4 4. Nxd4 Nf6 5. Nc3 a6 6. Bg5 e6 7. f4 Be7 8. Qf3
Qc7 9. O-O-O Nbd7 10. Bd3 h6 11. Bh4 g5 12. fxg5 Ne5 13. Qe2 Nfg4 14. Nf3 hxg5
15. Bg3 Bd7 16. h3 Nf6 17. Nxe5 dxe5 18. Bf2 Nh5 19. Qf3 b5 20. h4 Nf4 21. hxg5
Rxh1 22. Rxh1 O-O-O 23. Kb1 Kb8 24. Be3 Be8 25. Ne2 Ng6 26. Nc1 Kb7 27. g3 Rc8
28. Qe2 Bc5 29. Bd2 Bb6 30. Nb3 a5 31. a3 a4 32. Nc1 Ba5 33. Bxa5 Qxa5 34. Na2
Qb6 35. Rf1 Qc5 36. Rc1 Rd8 37. Nb4 Ne7 38. c4 bxc4 39. Rxc4 Qg1+ 40. Rc1 Qb6
41. Qf1 Ka7 42. Qf6 Qd6 43. Bc2 Rc8 44. Rd1 Qc5 45. Qf1 Qb6 46. Rd2 Kb7 47. Qd1
Ra8 48. Rd6 Qc5 49. Rd3 Bb5 50. Rf3 Be8 51. Rc3 Qd4 52. Qf1 Qd6 53. Rd3 Qc5 54.
Qd1 Bb5 55. Rf3 Be8 56. Rc3 Qd4 57. Bd3 Rd8 58. Qc2 Qd6 59. Na6 Rc8 60. Nc5+
Kb6 61. Nxa4+ Bxa4 62. Qxa4 Rxc3 63. Qa6+ Kc7 64. Qxd6+ Kxd6 65. bxc3 Nc6 66.
Bb5 Na5 67. Kc2 Nb7 68. Kd3 Nc5+ 69. Ke3 Ke7 70. a4 Nb7 71. Be2 Na5 72. Kd3 Kf8
73. c4 Nb3 74. Ke3 Ke7 75. Bd1 Na5 76. Kd3 Nb7 77. Kc3 Nc5 78. Bc2 Kd6 79. a5
Kc6 80. Kb4 Na6+ 81. Kb3 Kd6 82. Kc3 Nc5 83. Kb4 Kc6 84. Ba4+ Kd6 85. Be8 Na6+
86. Kc3 Nc5 87. g6 Nxe4+ 88. Kb4 fxg6 89. a6 Nc5 90. a7 Na6+ 91. Kc3 Nc7 92.
Bxg6 1-0

[Event "Campeonato del Mundo sub-20 2010"]
[Site "Chotowa POL"]
[Date "2010.08.09"]
[Round "6.17"]
[White "Diamant, Andre"]
[Black "Hamitevici, Vladimir"]
[Result "1-0"]
[WhiteElo "2518"]
[BlackElo "2411"]
[PlyCount "103"]
[EventDate "2010.08.03"]
[EventType "swiss"]
[EventRounds "13"]
[EventCountry "POL"]
[Source "lmi"]
[SourceDate "2010.08.03"]

1. e4 c5 2. Nf3 d6 3. d4 cxd4 4. Nxd4 Nf6 5. Nc3 a6 6. Be2 e5 7. Nb3 Be7 8. O-O
O-O 9. Kh1 Be6 10. f4 b5 11. f5 Bd7 12. Be3 Bc6 13. Nd5 Nbd7 14. Bf3 a5 15.
Nxe7+ Qxe7 16. Qd3 a4 17. Nd2 Nc5 18. Qe2 Qb7 19. Bxc5 dxc5 20. g4 h6 21. Qe3
Rfd8 22. Rf2 Qe7 23. h4 Nh7 24. Rh2 c4 25. Rg1 f6 26. Nf1 Rd4 27. a3 Rad8 28.
Ng3 Qb7 29. Rhg2 Kf8 30. Re1 Ke8 31. Nh5 Qe7 32. Ng3 Qb7 33. Nh5 Qe7 34. Ng3
Qb7 35. Nh5 Qe7 36. Ng3 Qb7 37. Nh5 Qe7 38. Kh2 R8d6 39. Ng3 Qb7 40. Ne2 Rd2
41. Nc3 Rxg2+ 42. Kxg2 Rd4 43. Kg3 Qd7 44. Ne2 Rd2 45. Rc1 Nf8 46. g5 hxg5 47.
hxg5 g6 48. fxg6 Rd6 49. Bh5 Kd8 50. Qb6+ Kc8 51. Bg4 Ne6 52. Rh1 1-0

[Event "Campeonato del Mundo sub-20 2010"]
[Site "Chotowa POL"]
[Date "2010.08.09"]
[Round "6.18"]
[White "Debashis, Das"]
[Black "Sethuraman, Sethuraman Panayapp"]
[Result "0-1"]
[WhiteElo "2411"]
[BlackElo "2513"]
[PlyCount "48"]
[EventDate "2010.08.03"]
[EventType "swiss"]
[EventRounds "13"]
[EventCountry "POL"]
[Source "lmi"]
[SourceDate "2010.08.03"]

1. Nf3 d5 2. d4 Nf6 3. c4 e6 4. Nc3 dxc4 5. e4 Bb4 6. Bg5 h6 7. Bxf6 Qxf6 8.
Bxc4 c5 9. a3 cxd4 10. e5 dxc3 11. axb4 Qf4 12. Qe2 cxb2 13. Rd1 O-O 14. O-O b5
15. Rd4 Qc1 16. Bd3 Bb7 17. Nd2 Nc6 18. Rg4 Rfd8 19. Rg3 Rxd3 20. Rxd3 Nxb4 21.
Rb3 Nc2 22. Nb1 Bd5 23. Rxb5 Nd4 24. Qxb2 Nf3+ 0-1

[Event "Campeonato del Mundo sub-20 2010"]
[Site "Chotowa POL"]
[Date "2010.08.09"]
[Round "6.20"]
[White "Martinovic, Sasa"]
[Black "Arenas Vanegas, David"]
[Result "1-0"]
[WhiteElo "2505"]
[BlackElo "2364"]
[PlyCount "77"]
[EventDate "2010.08.03"]
[EventType "swiss"]
[EventRounds "13"]
[EventCountry "POL"]
[Source "lmi"]
[SourceDate "2010.08.03"]

1. d4 Nf6 2. c4 g6 3. Nc3 Bg7 4. e4 d6 5. f3 O-O 6. Be3 c5 7. Nge2 Nc6 8. d5
Ne5 9. Ng3 e6 10. Be2 exd5 11. cxd5 h5 12. O-O a6 13. a4 h4 14. Nh1 Nh7 15. Nf2
f5 16. Qd2 Bd7 17. Kh1 Qf6 18. exf5 gxf5 19. Nh3 Ng6 20. f4 Rae8 21. Bf2 b5 22.
axb5 axb5 23. Bxb5 Bxb5 24. Nxb5 Rb8 25. Nc3 Rb3 26. Rfe1 Rfb8 27. Re6 Qf7 28.
Nd1 Nf6 29. Ng5 Qd7 30. Qe1 h3 31. Nxh3 Rxh3 32. gxh3 Qb7 33. Rxd6 Nxf4 34. Nc3
Qf7 35. Bg3 N6h5 36. Bxf4 Nxf4 37. Qh4 Rxb2 38. Rd8+ Bf8 39. Qxf4 1-0

[Event "Campeonato del Mundo sub-20 2010"]
[Site "Chotowa POL"]
[Date "2010.08.09"]
[Round "6.21"]
[White "Dragun, Kamil"]
[Black "Durarbeyli, Vasif"]
[Result "1-0"]
[WhiteElo "2379"]
[BlackElo "2501"]
[PlyCount "89"]
[EventDate "2010.08.03"]
[EventType "swiss"]
[EventRounds "13"]
[EventCountry "POL"]
[Source "lmi"]
[SourceDate "2010.08.03"]

1. e4 c5 2. Nf3 e6 3. d4 cxd4 4. Nxd4 a6 5. Bd3 g6 6. O-O Bg7 7. Be3 Nc6 8.
Nxc6 bxc6 9. Nd2 d5 10. exd5 cxd5 11. c4 d4 12. Bf4 Ne7 13. Be4 Ra7 14. Bb8 Rd7
15. c5 f5 16. c6 fxe4 17. cxd7+ Bxd7 18. Bg3 Bc6 19. Bh4 Qa8 20. Bxe7 Kxe7 21.
Rc1 Rd8 22. Qg4 Kf7 23. Rce1 h5 24. Qf4+ Kg8 25. Nxe4 e5 26. Qg5 Bxe4 27. Rxe4
Qxe4 28. Qxd8+ Kh7 29. Qa5 Qe2 30. Re1 Qxb2 31. Qxa6 Qb4 32. Kf1 Qc3 33. f3 Bh6
34. Qb7+ Bg7 35. Qb3 Bh6 36. Qb7+ Bg7 37. Qb3 Bh6 38. Rxe5 Qc7 39. Re1 Bd2 40.
Rb1 Qxh2 41. Qf7+ Kh6 42. Qf8+ Kg5 43. Rb5+ Kh4 44. Qf6+ g5 45. Qxd4+ 1-0

[Event "Campeonato del Mundo sub-20 2010"]
[Site "Chotowa POL"]
[Date "2010.08.09"]
[Round "6.22"]
[White "Kanarek, Marcel"]
[Black "Cori, Tello Jorge Moises"]
[Result "1-0"]
[WhiteElo "2387"]
[BlackElo "2486"]
[PlyCount "97"]
[EventDate "2010.08.03"]
[EventType "swiss"]
[EventRounds "13"]
[EventCountry "POL"]
[Source "lmi"]
[SourceDate "2010.08.03"]

1. e4 e5 2. Nf3 Nc6 3. Bb5 a6 4. Ba4 Nf6 5. O-O Be7 6. Re1 b5 7. Bb3 d6 8. c3
O-O 9. d4 Bg4 10. Be3 Bh5 11. Nbd2 Re8 12. d5 Na5 13. Bc2 c5 14. b4 Nb7 15. h3
Bxf3 16. Nxf3 Qc7 17. a4 Rec8 18. Bd3 c4 19. Bc2 Bd8 20. Qb1 Rcb8 21. axb5 axb5
22. Ba7 Rc8 23. Ra6 Qd7 24. Ra2 Bc7 25. Qa1 Qd8 26. Ra6 Nd7 27. Be3 Bb6 28. Bd2
Rcb8 29. Qa3 Qc8 30. Ra1 Rxa6 31. Qxa6 Nd8 32. Be3 Bxe3 33. fxe3 Qxa6 34. Rxa6
Nb6 35. Nd2 Kf8 36. Nb1 Na8 37. Ra7 Nb7 38. Bd1 Ke7 39. Na3 Nc7 40. Bg4 Kd8 41.
h4 g6 42. h5 gxh5 43. Bf5 h6 44. Kh2 Ra8 45. Nxb5 Rxa7 46. Nxa7 Ne8 47. Nb5 Nc7
48. Nxc7 Kxc7 49. Kh3 1-0

[Event "Campeonato del Mundo sub-20 2010"]
[Site "Chotowa POL"]
[Date "2010.08.09"]
[Round "6.24"]
[White "Huschenbeth, Niclas"]
[Black "Soors, Stef"]
[Result "1/2-1/2"]
[WhiteElo "2459"]
[BlackElo "2259"]
[PlyCount "106"]
[EventDate "2010.08.03"]
[EventType "swiss"]
[EventRounds "13"]
[EventCountry "POL"]
[Source "lmi"]
[SourceDate "2010.08.03"]

1. e4 c6 2. Nf3 d5 3. Nc3 Bg4 4. h3 Bxf3 5. Qxf3 e6 6. d3 Nd7 7. Be2 g6 8. O-O
Bg7 9. exd5 exd5 10. Re1 Ne7 11. Bf1 O-O 12. Bg5 f6 13. Bf4 Rf7 14. d4 Qb6 15.
Qd3 g5 16. Bd6 Ng6 17. Na4 Qd8 18. c4 Nb6 19. Nxb6 axb6 20. Re6 Bf8 21. Bxf8
Nf4 22. Qd2 Nxe6 23. Bb4 Kg7 24. b3 Qd7 25. cxd5 Qxd5 26. Bc4 Qxd4 27. Qe1 Re8
28. Rd1 Qe5 29. Qxe5 fxe5 30. Bc3 Kf6 31. Re1 Nf4 32. Bxf7 Kxf7 33. f3 Nd5 34.
Bd2 Kf6 35. a4 Rd8 36. Re4 h6 37. Kf2 Ke6 38. Ke2 Nf6 39. Rb4 Nd5 40. Re4 c5
41. g3 Kf5 42. Rc4 Rc8 43. h4 Ne7 44. g4+ Kf6 45. h5 Nc6 46. Ke3 Ke6 47. Ke4
Rd8 48. Bc3 Rd1 49. a5 Rb1 50. axb6 Kd6 51. Kf5 Rxb3 52. Bd2 Rd3 53. Bc1 Kd5
1/2-1/2

[Event "Campeonato del Mundo sub-20 2010"]
[Site "Chotowa POL"]
[Date "2010.08.09"]
[Round "6.25"]
[White "Kasyan, Aleksandr"]
[Black "Swapnil, Sunil Dhopade"]
[Result "1-0"]
[WhiteElo "2326"]
[BlackElo "2426"]
[PlyCount "151"]
[EventDate "2010.08.03"]
[EventType "swiss"]
[EventRounds "13"]
[EventCountry "POL"]
[Source "lmi"]
[SourceDate "2010.08.03"]

1. d4 Nf6 2. c4 g6 3. Nc3 Bg7 4. e4 d6 5. Be2 O-O 6. Bg5 Na6 7. f4 c6 8. Qd2
Nc7 9. e5 Nfe8 10. Bh4 Rb8 11. Nf3 b5 12. O-O Bg4 13. cxb5 cxb5 14. Rad1 b4 15.
Ne4 Nd5 16. Bc4 Nb6 17. Bb3 a5 18. a4 Qd7 19. h3 Bxf3 20. Rxf3 e6 21. Qe2 Kh8
22. Qa6 Qc6 23. Nf2 Nc7 24. Qe2 Nbd5 25. Ne4 Ne8 26. Rff1 Qb6 27. Kh1 Rb7 28.
Rd3 Ne7 29. Rdd1 Rd7 30. Kh2 Qb8 31. Bc4 Nf5 32. Bf2 d5 33. Nc5 Ra7 34. Bb5 Qd8
35. g4 Nh6 36. Bg3 Nc7 37. Bd3 Re8 38. Qf2 Bf8 39. Bh4 Be7 40. Bxe7 Qxe7 41.
Rc1 Ng8 42. Rc2 f5 43. g5 Na8 44. Nb3 Nb6 45. Bb5 Rc8 46. Rxc8 Nxc8 47. Rc1 Rc7
48. Rc5 Rxc5 49. dxc5 Qa7 50. Kg3 Kg7 51. c6 Qc7 52. Qc5 Nge7 53. Nd4 Kf7 54.
Ba6 Qb6 55. Qxb6 Nxb6 56. b3 Nec8 57. Nb5 Ke7 58. Kf3 d4 59. Ke2 Kd8 60. Nxd4
Ke7 61. Nb5 Kd8 62. Kd3 Nd5 63. Kd4 Nxf4 64. Bxc8 Kxc8 65. Kc5 Nd5 66. Nd4 f4
67. Kd6 Nc7 68. Ke7 Na6 69. Kxe6 Nc5+ 70. Kd5 Na6 71. e6 Nc7+ 72. Ke5 Kd8 73.
Kxf4 Ke7 74. Ke5 Ne8 75. Nb5 Kd8 76. h4 1-0

[Event "Campeonato del Mundo sub-20 2010"]
[Site "Chotowa POL"]
[Date "2010.08.09"]
[Round "6.26"]
[White "Leniart, Arkadiusz"]
[Black "Tran, Ngoc Lan"]
[Result "1-0"]
[WhiteElo "2423"]
[BlackElo "2218"]
[PlyCount "115"]
[EventDate "2010.08.03"]
[EventType "swiss"]
[EventRounds "13"]
[EventCountry "POL"]
[Source "lmi"]
[SourceDate "2010.08.03"]

1. e4 e5 2. Nf3 Nc6 3. Bb5 Nf6 4. Qe2 a6 5. Bxc6 dxc6 6. O-O Bg4 7. h3 Bh5 8.
g4 Bg6 9. Nxe5 Qd4 10. Nxg6 hxg6 11. Kg2 O-O-O 12. d3 Rh7 13. Nc3 Bb4 14. Be3
Qd7 15. Rh1 Rdh8 16. g5 Rxh3 17. gxf6 Bd6 18. Qf3 Rh2+ 19. Rxh2 Rxh2+ 20. Kf1
gxf6 21. Ke2 Rh3 22. Rh1 Rxh1 23. Qxh1 Qe8 24. Qh3+ Kb8 25. d4 b6 26. Kd3 Qd8
27. f4 c5 28. dxc5 Bxf4+ 29. Ke2 Be5 30. cxb6 cxb6 31. Nd5 b5 32. Bb6 Qe8 33.
Ba5 Bxb2 34. Qh2+ Be5 35. Nxf6 Bxh2 36. Nxe8 f5 37. exf5 gxf5 38. Bb4 Kb7 39.
Bd6 Bg1 40. Ng7 Kc6 41. Nxf5 Kd5 42. Kd3 Bb6 43. Bb4 a5 44. Bc3 Bd8 45. Bd4 Kc6
46. Be3 Bf6 47. Nd4+ Kc5 48. Nb3+ Kb4 49. Bc1 Be7 50. c3+ Ka4 51. Kc2 Bd6 52.
Kb1 Be7 53. Be3 b4 54. c4 Bf8 55. Kb2 Be7 56. Nc5+ Bxc5 57. Bxc5 b3 58. axb3#
1-0

[Event "Campeonato del Mundo sub-20 2010"]
[Site "Chotowa POL"]
[Date "2010.08.09"]
[Round "6.27"]
[White "Andersen, Mads"]
[Black "Salgado Lopez, Ivan"]
[Result "0-1"]
[WhiteElo "2382"]
[BlackElo "2607"]
[PlyCount "72"]
[EventDate "2010.08.03"]
[EventType "swiss"]
[EventRounds "13"]
[EventCountry "POL"]
[Source "lmi"]
[SourceDate "2010.08.03"]

1. e4 c5 2. Nf3 a6 3. c3 b5 4. d4 Bb7 5. Bd3 e6 6. O-O Nf6 7. Qe2 Be7 8. Nbd2
Nc6 9. b3 d5 10. dxc5 Bxc5 11. Bb2 O-O 12. Rad1 Re8 13. Bb1 Qb6 14. c4 dxc4 15.
bxc4 e5 16. Nb3 Bf8 17. cxb5 axb5 18. Nh4 g6 19. Kh1 Nh5 20. g3 Ng7 21. Ng2 Ne6
22. f4 exf4 23. gxf4 Ra4 24. f5 Ng5 25. e5 Nxe5 26. Bxe5 f6 27. fxg6 Rxe5 28.
gxh7+ Nxh7 29. Bxh7+ Kxh7 30. Rd7+ Kg8 31. Qd3 Be4 32. Qh3 Rg5 33. Rf3 Re5 34.
Rf1 Rg5 35. Rf3 Rxa2 36. Rg3 Rxg2 0-1

[Event "Campeonato del Mundo sub-20 2010"]
[Site "Chotowa POL"]
[Date "2010.08.09"]
[Round "6.30"]
[White "Piorun, Kacper"]
[Black "Botta, Gabriele"]
[Result "1-0"]
[WhiteElo "2499"]
[BlackElo "2302"]
[PlyCount "87"]
[EventDate "2010.08.03"]
[EventType "swiss"]
[EventRounds "13"]
[EventCountry "POL"]
[Source "lmi"]
[SourceDate "2010.08.03"]

1. e4 c5 2. Nf3 Nc6 3. d4 cxd4 4. Nxd4 Nf6 5. Nc3 e5 6. Ndb5 d6 7. Bg5 a6 8.
Na3 b5 9. Bxf6 gxf6 10. Nd5 f5 11. Bd3 Be6 12. O-O Bxd5 13. exd5 Ne7 14. c3 Bg7
15. Qh5 e4 16. Bc2 O-O 17. Rae1 Qc8 18. Kh1 b4 19. cxb4 Nxd5 20. Bxe4 fxe4 21.
Qxd5 Qe6 22. Qxe4 Qxa2 23. Nc2 Qxb2 24. Ne3 Rae8 25. Qc4 Qd4 26. Qxa6 Qxb4 27.
Rd1 Re6 28. Nd5 Qe4 29. f3 Qe5 30. f4 Qe2 31. Qb6 Rc8 32. f5 Re4 33. Qxd6 Rd4
34. Ne7+ Kf8 35. Nd5+ Kg8 36. Ne7+ Kf8 37. Nxc8+ Rxd6 38. Nxd6 Be5 39. Rde1 Qa6
40. Ne4 f6 41. Nc5 Qb5 42. Ne6+ Kg8 43. Rd1 Qa4 44. Rd8+ 1-0

[Event "Campeonato del Mundo sub-20 2010"]
[Site "Chotowa POL"]
[Date "2010.08.09"]
[Round "6.31"]
[White "Dimitrov, Pavel"]
[Black "Simonian, Hrair"]
[Result "0-1"]
[WhiteElo "2365"]
[BlackElo "2494"]
[PlyCount "160"]
[EventDate "2010.08.03"]
[EventType "swiss"]
[EventRounds "13"]
[EventCountry "POL"]
[Source "lmi"]
[SourceDate "2010.08.03"]

1. e4 e5 2. Nf3 Nc6 3. Bc4 Nf6 4. d3 Be7 5. h3 d5 6. exd5 Nxd5 7. O-O O-O 8.
Re1 Bf6 9. Nc3 Nxc3 10. bxc3 Na5 11. Bb3 Nxb3 12. axb3 Re8 13. Bb2 Bf5 14. Nd2
g6 15. Qf3 c6 16. Ne4 Bg7 17. Qg3 Bxe4 18. Rxe4 f5 19. Re2 Re7 20. c4 Qc7 21.
Rae1 Rae8 22. Qe3 a6 23. Qc1 Qd7 24. Qa1 Qc7 25. c5 h5 26. Qa4 Qd7 27. Qc4+ Qd5
28. Qxd5+ cxd5 29. h4 Kf7 30. f4 d4 31. Kf2 exf4 32. Rxe7+ Rxe7 33. Rxe7+ Kxe7
34. Kf3 Ke6 35. Kxf4 Bh6+ 36. Kf3 Kd5 37. Ba3 Bd2 38. Ke2 Ba5 39. Kf2 Kc6 40.
Kf3 Bd2 41. Ke2 Bh6 42. Kf3 Kb5 43. Kg3 a5 44. Kf2 Bd2 45. Kf3 Be1 46. g3 Bd2
47. Ke2 Bb4 48. c6 bxc6 49. Bc1 Bd6 50. Kf3 Kb4 51. Bb2 c5 52. Kg2 Bc7 53. Kf3
Be5 54. Kf2 a4 55. bxa4 Kxa4 56. Kf3 Kb4 57. Kf2 f4 58. gxf4 Bxf4 59. Kf3 Be5
60. Kf2 Bf6 61. Kg3 Bd8 62. Kh3 Be7 63. Kg3 Bf6 64. Kh3 c4 65. Kg3 cxd3 66.
cxd3 Kb3 67. Bc1 Kc2 68. Bh6 Kxd3 69. Bf4 Ke2 70. Bh6 d3 71. Kh3 d2 72. Bxd2
Kxd2 73. Kg3 Ke3 74. Kh3 Kf3 75. Kh2 Bxh4 76. Kh3 Bf2 77. Kh2 g5 78. Kh1 g4 79.
Kh2 g3+ 80. Kh3 g2 0-1

[Event "Campeonato del Mundo sub-20 2010"]
[Site "Chotowa POL"]
[Date "2010.08.09"]
[Round "6.33"]
[White "Sagar, Shah Dharmendra"]
[Black "Potapov, Pavel"]
[Result "1/2-1/2"]
[WhiteElo "2285"]
[BlackElo "2445"]
[PlyCount "57"]
[EventDate "2010.08.03"]
[EventType "swiss"]
[EventRounds "13"]
[EventCountry "POL"]
[Source "lmi"]
[SourceDate "2010.08.03"]

1. d4 d5 2. Nf3 Nf6 3. c4 c6 4. e3 e6 5. b3 Nbd7 6. Bd3 Bd6 7. Bb2 O-O 8. O-O
b6 9. Nbd2 Bb7 10. Ne5 Rc8 11. Qf3 Qc7 12. Qg3 c5 13. cxd5 cxd4 14. exd4 Bxd5
15. f3 Qb7 16. Ndc4 Bxc4 17. bxc4 Bxe5 18. dxe5 Ne8 19. f4 Nc5 20. f5 Rd8 21.
Rad1 exf5 22. Bxf5 Rxd1 23. Rxd1 g6 24. e6 fxe6 25. Bb1 Qf7 26. h3 Ng7 27. Qe5
h6 28. Bd4 Na6 29. Bd3 1/2-1/2

[Event "Campeonato del Mundo sub-20 2010"]
[Site "Chotowa POL"]
[Date "2010.08.09"]
[Round "6.35"]
[White "Pagerka, Martin"]
[Black "Pacher, Milan"]
[Result "0-1"]
[WhiteElo "2215"]
[BlackElo "2417"]
[PlyCount "22"]
[EventDate "2010.08.03"]
[EventType "swiss"]
[EventRounds "13"]
[EventCountry "POL"]
[Source "lmi"]
[SourceDate "2010.08.03"]

1. e4 c5 2. Nf3 e6 3. c4 Nc6 4. d4 cxd4 5. Nxd4 Nf6 6. Nc3 Bb4 7. Nxc6 dxc6 8.
Qxd8+ Kxd8 9. Bd2 Ke7 10. f3 e5 11. g4 Bd6 0-1

[Event "Campeonato del Mundo sub-20 2010"]
[Site "Chotowa POL"]
[Date "2010.08.09"]
[Round "6.36"]
[White "Casanova, Fernando Ricardo So"]
[Black "Fernandez, Daniel Howard"]
[Result "1/2-1/2"]
[WhiteElo "2074"]
[BlackElo "2401"]
[PlyCount "114"]
[EventDate "2010.08.03"]
[EventType "swiss"]
[EventRounds "13"]
[EventCountry "POL"]
[Source "lmi"]
[SourceDate "2010.08.03"]

1. c4 b6 2. Nf3 Bb7 3. d4 g6 4. Nc3 f5 5. g3 Bxf3 6. exf3 Bg7 7. Bg2 Nc6 8. d5
Na5 9. Qd3 c5 10. O-O Nh6 11. Re1 Nf7 12. f4 Nd6 13. b3 O-O 14. Bb2 b5 15. cxb5
c4 16. Qd1 cxb3 17. axb3 Rb8 18. Qe2 Nxb3 19. Rxa7 Bf6 20. Ra6 Nd4 21. Qd3 Qc8
22. Ra4 N4xb5 23. Nxb5 Rxb5 24. Bxf6 exf6 25. Ra7 Re8 26. Rxe8+ Qxe8 27. Ra6
Qe1+ 28. Bf1 Rb2 29. Qe3 Qxe3 30. fxe3 Ne4 31. Bc4 Rb4 32. Ba2 d6 33. Rc6 h5
34. Rc2 Kg7 35. Kg2 Ra4 36. Kf3 g5 37. Kg2 Ra3 38. Rc7+ Kf8 39. Bb1 Nc3 40.
Bxf5 Nxd5 41. Rc8+ Ke7 42. e4 Ne3+ 43. Kf2 Nxf5 44. exf5 Ra2+ 45. Ke3 g4 46.
Rc7+ Ke8 47. Ke4 Rd2 48. h3 gxh3 49. Rh7 d5+ 50. Ke3 Rg2 51. Kf3 Ra2 52. Rxh5
Ra3+ 53. Kf2 Ra2+ 54. Ke3 Ra3+ 55. Kf2 Ra2+ 56. Ke3 h2 57. g4 Ra3+ 1/2-1/2

[Event "Campeonato del Mundo sub-20 2010"]
[Site "Chotowa POL"]
[Date "2010.08.09"]
[Round "6.37"]
[White "Ashwin, Jayaram"]
[Black "Zysko, Jan"]
[Result "1-0"]
[WhiteElo "2454"]
[BlackElo "2210"]
[PlyCount "89"]
[EventDate "2010.08.03"]
[EventType "swiss"]
[EventRounds "13"]
[EventCountry "POL"]
[Source "lmi"]
[SourceDate "2010.08.03"]

1. e4 c5 2. Nf3 Nf6 3. e5 Nd5 4. Nc3 e6 5. Ne4 Qc7 6. b3 Be7 7. Bb2 Nc6 8. g3
f5 9. Nd6+ Bxd6 10. exd6 Qxd6 11. Bxg7 Rg8 12. Bb2 b6 13. Nh4 Qe7 14. Bg2 Bb7
15. Qh5+ Kd8 16. O-O-O Nf6 17. Qe2 Nd4 18. Bxd4 Bxg2 19. Bxc5 Qxc5 20. Nxg2 Rc8
21. Ne3 Nd5 22. Kb1 Nxe3 23. dxe3 d5 24. c4 Rg7 25. cxd5 exd5 26. Qd3 Rd7 27.
Qxf5 Rcc7 28. Rd2 Kc8 29. Rhd1 Kb8 30. Rc2 Rf7 31. Rxc5 Rxf5 32. Rxc7 Kxc7 33.
f4 Kc6 34. g4 Rf6 35. Kc2 Rh6 36. Rd2 Rh3 37. Kd3 Kc5 38. Rc2+ Kd6 39. b4 a6
40. a4 h6 41. b5 axb5 42. axb5 Kd7 43. Kd4 Rh4 44. Rc6 Rxh2 45. Kxd5 1-0

[Event "Campeonato del Mundo sub-20 2010"]
[Site "Chotowa POL"]
[Date "2010.08.09"]
[Round "6.38"]
[White "Smola, Michal"]
[Black "Fodor, Tamas Jr"]
[Result "1/2-1/2"]
[WhiteElo "2220"]
[BlackElo "2452"]
[PlyCount "67"]
[EventDate "2010.08.03"]
[EventType "swiss"]
[EventRounds "13"]
[EventCountry "POL"]
[Source "lmi"]
[SourceDate "2010.08.03"]

1. e4 e6 2. d3 d5 3. Nd2 Nf6 4. Ngf3 b6 5. exd5 exd5 6. d4 Bd6 7. Bd3 O-O 8.
O-O c5 9. c4 cxd4 10. Nxd4 Bg4 11. Be2 Bxe2 12. Qxe2 dxc4 13. Qxc4 Nbd7 14.
N2f3 Rc8 15. Qd3 Nc5 16. Qf5 Nce4 17. Bg5 Nxg5 18. Qxg5 Rc5 19. Qd2 Rd5 20.
Rad1 Qd7 21. Qe2 Rd8 22. Rd3 h6 23. Rfd1 Bc5 24. Ne5 Qa4 25. b3 Qa6 26. Ndc6
Re8 27. Kf1 Rxd3 28. Rxd3 Qc8 29. Nxa7 Qc7 30. Nac6 Bd6 31. f4 Bxe5 32. Nxe5
Qc1+ 33. Qd1 Qxf4+ 34. Nf3 1/2-1/2

[Event "Campeonato del Mundo sub-20 2010"]
[Site "Chotowa POL"]
[Date "2010.08.09"]
[Round "6.39"]
[White "Arnold, Marc Tyler"]
[Black "Swiech, Przemyslaw"]
[Result "1/2-1/2"]
[WhiteElo "2432"]
[BlackElo "2166"]
[PlyCount "138"]
[EventDate "2010.08.03"]
[EventType "swiss"]
[EventRounds "13"]
[EventCountry "POL"]
[Source "lmi"]
[SourceDate "2010.08.03"]

1. d4 Nf6 2. Nf3 c5 3. d5 e6 4. Nc3 exd5 5. Nxd5 Nxd5 6. Qxd5 Nc6 7. e4 d6 8.
Ng5 Qc7 9. Bc4 Ne5 10. Bb5+ Bd7 11. Bxd7+ Qxd7 12. Bf4 Qc6 13. O-O-O Qxd5 14.
Rxd5 Be7 15. Bxe5 dxe5 16. Nf3 f6 17. Rhd1 Rd8 18. Rxd8+ Bxd8 19. Rd5 Bb6 20.
Nd2 Ke7 21. Nc4 Rd8 22. Rxd8 Bxd8 23. Ne3 g6 24. Kd2 Ke6 25. Kd3 f5 26. f3 Bg5
27. Nd5 Kd6 28. c3 b5 29. b3 Kc6 30. c4 a6 31. exf5 gxf5 32. g4 e4+ 33. fxe4
fxg4 34. e5 bxc4+ 35. bxc4 h5 36. Ke4 h4 37. Nf6 g3 38. hxg3 hxg3 39. Kf3 Bf4
40. e6 Bd6 41. Ne4 Bc7 42. Nxc5 Kd6 43. Nxa6 Ba5 44. Kxg3 Kxe6 45. Kf4 Kd6 46.
Ke4 Kc6 47. Kd4 Be1 48. a3 Kb6 49. Nb4 Bf2+ 50. Kc3 Bc5 51. Kb3 Bd6 52. Nd5+
Ka5 53. Nf6 Bf8 54. Ne4 Kb6 55. a4 Be7 56. Kc3 Ka5 57. Kb3 Kb6 58. Nf2 Ka5 59.
Nd3 Kb6 60. Kc3 Ka5 61. c5 Kxa4 62. c6 Bd6 63. Kc4 Ka5 64. Kd5 Bh2 65. Ke6 Kb6
66. Kd7 Ka7 67. Nc5 Kb8 68. Nb7 Bc7 69. Nd6 Bb6 1/2-1/2

[Event "Campeonato del Mundo sub-20 2010"]
[Site "Chotowa POL"]
[Date "2010.08.09"]
[Round "6.41"]
[White "Aguirre Manzo, Leopoldo Antonio"]
[Black "Pavlidis, Anastasios"]
[Result "1-0"]
[WhiteElo "2203"]
[BlackElo "2359"]
[PlyCount "48"]
[EventDate "2010.08.03"]
[EventType "swiss"]
[EventRounds "13"]
[EventCountry "POL"]
[Source "lmi"]
[SourceDate "2010.08.03"]

1. e4 e5 2. Nf3 Nc6 3. Bc4 Nf6 4. d4 exd4 5. O-O Nxe4 6. Re1 d5 7. Bxd5 Qxd5 8.
Nc3 Qh5 9. Nxe4 Be6 10. Bg5 h6 11. Bh4 Bb4 12. c3 dxc3 13. bxc3 Ba3 14. Ng3 Qa5
15. Nd4 Nxd4 16. Qxd4 O-O 17. Re5 Qb6 18. Qe4 Bd6 19. Rh5 Qb2 20. Rf1 Qxc3 21.
Qxb7 Qb4 22. Qe4 Rab8 23. Qe3 Qf4 24. Qxa7 g6 1-0

[Event "Campeonato del Mundo sub-20 2010"]
[Site "Chotowa POL"]
[Date "2010.08.09"]
[Round "6.42"]
[White "Zhou, Yang-fan"]
[Black "Lewicki, Miroslaw"]
[Result "1-0"]
[WhiteElo "2348"]
[BlackElo "2149"]
[PlyCount "85"]
[EventDate "2010.08.03"]
[EventType "swiss"]
[EventRounds "13"]
[EventCountry "POL"]
[Source "lmi"]
[SourceDate "2010.08.03"]

1. e4 c5 2. Nf3 d6 3. d4 cxd4 4. Nxd4 Nf6 5. Nc3 a6 6. h3 e5 7. Nde2 Be6 8. g4
d5 9. exd5 Nxd5 10. Bg2 Nxc3 11. Qxd8+ Kxd8 12. Nxc3 Nc6 13. Be3 Ke8 14. O-O-O
f6 15. f4 exf4 16. Bxf4 Kf7 17. Nd5 g5 18. Bxg5 fxg5 19. Rhf1+ Kg7 20. Nc7 Bc4
21. Nxa8 Bxf1 22. Bxf1 Bc5 23. Nc7 Kf6 24. Bg2 h5 25. Rf1+ Ke7 26. Rf5 Be3+ 27.
Kb1 Kd6 28. Nd5 Bd2 29. gxh5 Ne5 30. Rf6+ Kc5 31. Re6 Nc6 32. Nf6 Bf4 33. Bxc6
bxc6 34. h6 g4 35. Nxg4 Kd5 36. Rf6 Bc7 37. c4+ Kc5 38. a3 Bd8 39. Rf7 Kxc4 40.
h7 Re8 41. Ne5+ Kb3 42. Rf3+ Ka4 43. Ng6 1-0

[Event "Campeonato del Mundo sub-20 2010"]
[Site "Chotowa POL"]
[Date "2010.08.09"]
[Round "6.43"]
[White "Kantans, Toms"]
[Black "Lis, Marek"]
[Result "1-0"]
[WhiteElo "2343"]
[BlackElo "2072"]
[PlyCount "55"]
[EventDate "2010.08.03"]
[EventType "swiss"]
[EventRounds "13"]
[EventCountry "POL"]
[Source "lmi"]
[SourceDate "2010.08.03"]

1. d4 d6 2. c4 e5 3. Nf3 Nc6 4. Nc3 Bg4 5. d5 Nce7 6. Nd2 g6 7. h3 Bd7 8. e4 f5
9. c5 a6 10. Nc4 Nc8 11. Bd3 f4 12. Na5 dxc5 13. Nxb7 Qg5 14. g3 Ra7 15. Na5
Bd6 16. Nc4 Nh6 17. gxf4 exf4 18. Qf3 O-O 19. Bd2 Nf7 20. O-O-O Ne5 21. Nxe5
Bxe5 22. Rdg1 Qf6 23. h4 Nd6 24. Nd1 Nb5 25. Bc3 Nxc3 26. bxc3 Bxc3 27. Rg5 h6
28. e5 1-0